Geography - E - Statistics

General Stats
  • This quiz has been taken 40 times
  • The average score is 8 of 15
Answer Stats
Hint Answer % Correct
The capital of Scotland. Edinburgh
100%
Its capital is Tallinn. Estonia
100%
Formerly known as Swaziland. Eswatini
84%
Former name of Tokyo. Edo
82%
Latitudal line which doesn't touch Equatorial Guinea. Equator
79%
In this kingdom in 1215, the Magna Carta was signed. England
74%
National Park in Southern Florida. Everglades
74%
Island which processed 12 million immigrants into the U.S. Ellis
71%
Country whose ancient endonym was Kmt (Kemet/Kumat). Egypt
37%
Prosperous region in northern Italy. Emilia-Romagna
26%
The largest steppe worldwide. Eurasian Steppe
13%
Sea named for a country to its west. East China
11%
Major suburb of Mexico City. Ecatepec de Morelos
11%
Province in southwestern Spain which borders Portugal. Extramadura
8%
Major culture of pre-dynastic China. Erligang
0%
No matching quizzes found
Score Distribution
Percent of People with Each Score
Percentile by Number Answered
Your Score History
You have not taken this quiz